|
|
|
|
| LEADER |
00000cam a22000004a 4500 |
| 001 |
musev2_56239 |
| 003 |
MdBmJHUP |
| 005 |
20230905045755.0 |
| 006 |
m o d |
| 007 |
cr||||||||nn|n |
| 008 |
170929s2017 xx o 00 0 eng d |
| 020 |
|
|
|a 9781469635415
|
| 020 |
|
|
|z 9781469635392
|
| 020 |
|
|
|z 9781469635408
|
| 020 |
|
|
|z 9781469635385
|
| 035 |
|
|
|a (OCoLC)1005540962
|
| 040 |
|
|
|a MdBmJHUP
|c MdBmJHUP
|
| 100 |
1 |
|
|a Kirkpatrick, Jennet,
|d 1970-
|
| 245 |
1 |
0 |
|a The Virtues of Exit :
|b On Resistance and Quitting Politics
|
| 264 |
|
1 |
|b The University of North Carolina Press,
|c 2017.
|
| 264 |
|
3 |
|a Baltimore, Md. :
|b Project MUSE,
|c 2017
|
| 264 |
|
4 |
|c ©2017.
|
| 300 |
|
|
|a 1 online resource (176 pages).
|
| 336 |
|
|
|a text
|b txt
|2 rdacontent
|
| 337 |
|
|
|a computer
|b c
|2 rdamedia
|
| 338 |
|
|
|a online resource
|b cr
|2 rdacarrier
|
| 505 |
0 |
|
|a The argument against exit : Plato's Crito -- Expressive exit : Thoreau -- Exit and solidarity : fugitive slave narratives -- Resistant exits : political exiles.
|
| 588 |
|
|
|a Description based on print version record.
|
| 650 |
|
7 |
|a Political participation.
|2 fast
|0 (OCoLC)fst01069386
|
| 650 |
|
7 |
|a Government, Resistance to.
|2 fast
|0 (OCoLC)fst00945663
|
| 650 |
|
7 |
|a Exiles.
|2 fast
|0 (OCoLC)fst00918139
|
| 650 |
|
7 |
|a POLITICAL SCIENCE
|x Political Process
|x General.
|2 bisacsh
|
| 650 |
|
7 |
|a SOCIAL SCIENCE
|x General.
|2 bisacsh
|
| 650 |
|
6 |
|a Resistance au gouvernement.
|
| 650 |
|
6 |
|a Participation politique.
|
| 650 |
|
6 |
|a Separation (Psychologie)
|x Aspect politique.
|
| 650 |
|
6 |
|a Dissidents
|x Aspect politique.
|
| 650 |
|
0 |
|a Exiles.
|
| 650 |
|
0 |
|a Government, Resistance to.
|
| 650 |
|
0 |
|a Political participation.
|
| 650 |
|
0 |
|a Separation (Psychology)
|x Political aspects.
|
| 650 |
|
0 |
|a Dissenters
|x Political aspects.
|
| 655 |
|
7 |
|a Electronic books.
|2 local
|
| 710 |
2 |
|
|a Project Muse.
|e distributor
|
| 830 |
|
0 |
|a Book collections on Project MUSE.
|
| 856 |
4 |
0 |
|z Texto completo
|u https://projectmuse.uam.elogim.com/book/56239/
|
| 945 |
|
|
|a Project MUSE - Custom Collection
|
| 945 |
|
|
|a Project MUSE - 2017 Complete
|
| 945 |
|
|
|a Project MUSE - 2017 Political Science and Policy Studies
|